[Event "Grand Swiss "]
[Date "2025.09.04"]
[White "Sevian, Samuel"]
[Black "Hammer, Jon Ludvig"]
[WhiteElo "2692"]
[BlackElo "2618"]
[Round "1.1.22"]
[Result "1/2-1/2"]

1. d4 {[%clk 01:40:51] [%emt 00:00:08]} d5 {[%clk 01:40:46] [%emt 00:00:14]} 2.
c4 {[%clk 01:41:03] [%emt 00:00:19]} e6 {[%clk 01:41:09] [%emt 00:00:06]} 3. Nc3
{[%clk 01:40:44] [%emt 00:00:50]} Nf6 {[%clk 01:41:28] [%emt 00:00:10]} 4. cxd5
{[%clk 01:40:39] [%emt 00:00:35]} exd5 {[%clk 01:41:48] [%emt 00:00:10]} 5. Bg5
{[%clk 01:40:57] [%emt 00:00:13]} c6 {[%clk 01:41:52] [%emt 00:00:26]} 6. e3
{[%clk 01:40:04] [%emt 00:01:23]} Bf5 {[%clk 01:42:06] [%emt 00:00:15]} 7. Qf3
{[%clk 01:39:38] [%emt 00:00:57]} Bg6 {[%clk 01:42:26] [%emt 00:00:09]} 8. Bxf6
{[%clk 01:40:04] [%emt 00:00:05]} Qxf6 {[%clk 01:42:46] [%emt 00:00:10]} 9. Qxf6
{[%clk 01:40:29] [%emt 00:00:05]} gxf6 {[%clk 01:43:06] [%emt 00:00:10]} 10. h4
{[%clk 01:40:57] [%emt 00:00:03]} h5 {[%clk 01:43:20] [%emt 00:00:15]} 11. Nh3
{[%clk 01:40:23] [%emt 00:01:04]} Nd7 {[%clk 01:37:10] [%emt 00:06:41]} 12. Kd2
{[%clk 01:39:51] [%emt 00:01:02]} Nb6 {[%clk 01:35:33] [%emt 00:02:06]} 13. b3
{[%clk 01:35:03] [%emt 00:05:18]} Nc8 {[%clk 01:25:34] [%emt 00:10:29]} 14. Bd3
{[%clk 01:32:58] [%emt 00:02:35]} Bb4 {[%clk 01:22:47] [%emt 00:03:17]} 15. Nf4
{[%clk 01:31:42] [%emt 00:01:47]} Bxd3 {[%clk 01:21:25] [%emt 00:01:51]} 16.
Kxd3 {[%clk 01:17:10] [%emt 00:15:03]} Bxc3 {[%clk 01:21:35] [%emt 00:00:20]}
17. Kxc3 {[%clk 01:17:36] [%emt 00:00:04]} Nd6 {[%clk 01:21:54] [%emt 00:00:11]}
18. f3 {[%clk 01:17:09] [%emt 00:00:57]} Kd7 {[%clk 01:22:08] [%emt 00:00:16]}
19. Kd3 {[%clk 01:15:13] [%emt 00:02:26]} Rag8 {[%clk 01:04:13] [%emt 00:18:25]}
20. Ke2 {[%clk 01:11:06] [%emt 00:04:37]} Nb5 {[%clk 01:02:53] [%emt 00:01:50]}
21. Rag1 {[%clk 01:08:11] [%emt 00:03:25]} f5 {[%clk 00:59:22] [%emt 00:04:01]}
22. Nd3 {[%clk 01:03:05] [%emt 00:05:36]} Kd6 {[%clk 00:57:13] [%emt 00:02:39]}
23. Kf2 {[%clk 01:02:14] [%emt 00:01:21]} Nc7 {[%clk 00:53:53] [%emt 00:03:49]}
24. Rc1 {[%clk 00:56:26] [%emt 00:06:19]} a5 {[%clk 00:42:47] [%emt 00:11:37]}
25. Rc2 {[%clk 00:37:43] [%emt 00:19:13]} Ne6 {[%clk 00:40:26] [%emt 00:02:50]}
26. Rb1 {[%clk 00:36:57] [%emt 00:01:16]} Ra8 {[%clk 00:38:31] [%emt 00:02:24]}
27. a3 {[%clk 00:31:58] [%emt 00:05:29]} Ra7 {[%clk 00:32:30] [%emt 00:06:31]}
28. g3 {[%clk 00:28:52] [%emt 00:03:35]} b6 {[%clk 00:27:59] [%emt 00:05:02]}
29. Nc1 {[%clk 00:15:14] [%emt 00:14:09]} Rb8 {[%clk 00:09:56] [%emt 00:18:32]}
30. Ne2 {[%clk 00:10:35] [%emt 00:05:09]} b5 {[%clk 00:10:07] [%emt 00:00:20]}
31. Nc1 {[%clk 00:07:54] [%emt 00:03:11]} Rc8 {[%clk 00:07:46] [%emt 00:02:51]}
32. Nd3 {[%clk 00:07:57] [%emt 00:00:27]} c5 {[%clk 00:08:02] [%emt 00:00:14]}
33. dxc5+ {[%clk 00:05:35] [%emt 00:02:53]} Nxc5 {[%clk 00:08:24] [%emt
00:00:07]} 34. Nxc5 {[%clk 00:02:20] [%emt 00:03:46]} Rxc5 {[%clk 00:08:51]
[%emt 00:00:02]} 35. Rxc5 {[%clk 00:02:46] [%emt 00:00:04]} Kxc5 {[%clk
00:09:13] [%emt 00:00:09]} 36. Rc1+ {[%clk 00:02:02] [%emt 00:01:14]} Kd6 {[%clk
00:09:37] [%emt 00:00:05]} 37. Rc8 {[%clk 00:02:30] [%emt 00:00:02]} b4 {[%clk
00:09:54] [%emt 00:00:14]} 38. a4 {[%clk 00:02:40] [%emt 00:00:20]} Kd7 {[%clk
00:10:18] [%emt 00:00:05]} 39. Rc5 {[%clk 00:02:53] [%emt 00:00:18]} Kd6 {[%clk
00:10:20] [%emt 00:00:28]} 40. Rc8 {[%clk 00:03:15] [%emt 00:00:08]} Kd7 {[%clk
00:10:43] [%emt 00:00:07]} 41. Rc1 {[%clk 00:15:42] [%emt 00:38:02]} Ra8 {[%clk
00:58:54] [%emt 00:02:20]} 42. Ke2 {[%clk 00:13:57] [%emt 00:02:15]} Kd6 {[%clk
00:51:39] [%emt 00:07:46]} 43. Kd3 {[%clk 00:13:39] [%emt 00:00:47]} Rg8 {[%clk
00:51:50] [%emt 00:00:18]} 44. Kd4 {[%clk 00:13:52] [%emt 00:00:18]} Rxg3 {[%clk
00:52:10] [%emt 00:00:10]} 45. Rc5 {[%clk 00:13:54] [%emt 00:00:28]} Rxf3 {[%clk
00:51:21] [%emt 00:01:19]} 46. Rxd5+ {[%clk 00:12:29] [%emt 00:01:55]} Ke6
{[%clk 00:42:05] [%emt 00:09:45]} 47. Re5+ {[%clk 00:09:44] [%emt 00:03:15]} Kf6
{[%clk 00:41:51] [%emt 00:00:43]} 48. Rxa5 {[%clk 00:10:10] [%emt 00:00:05]} Rh3
{[%clk 00:42:08] [%emt 00:00:12]} 49. Ra6+ {[%clk 00:08:41] [%emt 00:02:00]} Kg7
{[%clk 00:40:46] [%emt 00:01:52]} 50. Rb6 {[%clk 00:02:11] [%emt 00:07:00]}
Rxh4+ {[%clk 00:37:31] [%emt 00:03:45]} 51. Kc5 {[%clk 00:02:37] [%emt
00:00:04]} Re4 {[%clk 00:36:13] [%emt 00:01:47]} 52. a5 {[%clk 00:03:03] [%emt
00:00:05]} h4 {[%clk 00:36:35] [%emt 00:00:07]} 53. a6 {[%clk 00:02:39] [%emt
00:00:55]} h3 {[%clk 00:33:11] [%emt 00:03:54]} 54. Rd6 {[%clk 00:01:28] [%emt
00:01:40]} h2 {[%clk 00:30:14] [%emt 00:03:28]} 55. Rd1 {[%clk 00:01:57] [%emt
00:00:01]} Re6 {[%clk 00:30:07] [%emt 00:00:36]} 56. Kb5 {[%clk 00:02:13] [%emt
00:00:15]} Re5+ {[%clk 00:30:24] [%emt 00:00:13]} 57. Kb6 {[%clk 00:02:20] [%emt
00:00:23]} Re6+ {[%clk 00:30:46] [%emt 00:00:07]} 58. Kb5 {[%clk 00:02:38] [%emt
00:00:13]} Re5+ {[%clk 00:31:09] [%emt 00:00:07]} 59. Kxb4 {[%clk 00:02:22]
[%emt 00:00:46]} Re6 {[%clk 00:31:31] [%emt 00:00:07]} 60. Kb5 {[%clk 00:01:10]
[%emt 00:01:43]} Re5+ {[%clk 00:31:53] [%emt 00:00:07]} 61. Kb6 {[%clk 00:00:35]
[%emt 00:01:06]} Re6+ {[%clk 00:32:11] [%emt 00:00:11]} 62. Ka5 {[%clk 00:14:51]
[%emt 00:01:14]} Re5+ {[%clk 00:47:01] [%emt 00:00:40]} 63. Kb4 {[%clk 00:13:09]
[%emt 00:02:13]} Re6 {[%clk 00:46:28] [%emt 00:01:02]} 64. Rh1 {[%clk 00:10:59]
[%emt 00:02:41]} Rxa6 {[%clk 00:46:43] [%emt 00:00:15]} 65. Rxh2 {[%clk
00:11:16] [%emt 00:00:13]} Re6 {[%clk 00:46:51] [%emt 00:00:21]} 66. Rh3 {[%clk
00:11:13] [%emt 00:00:34]} Kg6 {[%clk 00:46:26] [%emt 00:00:55]} 67. Kc5 {[%clk
00:10:46] [%emt 00:00:57]} Kg5 {[%clk 00:43:27] [%emt 00:03:29]} 68. Rg3 {[%clk
00:10:49] [%emt 00:00:29]} Kh4 {[%clk 00:43:35] [%emt 00:00:21]} 69. Rf3 {[%clk
00:11:09] [%emt 00:00:11]} Re5+ {[%clk 00:43:57] [%emt 00:00:07]} 70. Kd4 {[%clk
00:10:06] [%emt 00:01:33]} Re4+ {[%clk 00:43:56] [%emt 00:00:31]} 71. Kd3 {[%clk
00:10:04] [%emt 00:00:32]} Kg4 {[%clk 00:44:13] [%emt 00:00:12]} 72. Rf1 {[%clk
00:09:59] [%emt 00:00:36]} Rb4 {[%clk 00:44:34] [%emt 00:00:09]} 73. Kc3 {[%clk
00:10:16] [%emt 00:00:14]} Re4 {[%clk 00:44:57] [%emt 00:00:06]} 74. Kd3 {[%clk
00:10:12] [%emt 00:00:34]} Rb4 {[%clk 00:45:22] [%emt 00:00:05]} 75. Rg1+ {[%clk
00:08:05] [%emt 00:02:36]} Kf3 {[%clk 00:45:34] [%emt 00:00:18]} 76. Rf1 {[%clk
00:06:23] [%emt 00:02:13]} Kg4 {[%clk 00:45:53] [%emt 00:00:11]} 1/2-1/2

[Site "Europe Echecs"]

[Event "Grand Swiss "]
[Date "2025.09.04"]
[White "Korobov, Anton"]
[Black "Van Foreest, Jorden"]
[WhiteElo "2616"]
[BlackElo "2692"]
[Round "1.1.23"]
[Result "1/2-1/2"]

1. d4 {[%clk 01:40:57] [%emt 00:00:03]} Nf6 {[%clk 01:40:47] [%emt 00:00:13]} 2.
c4 {[%clk 01:41:16] [%emt 00:00:11]} g6 {[%clk 01:41:04] [%emt 00:00:13]} 3. g3
{[%clk 01:41:11] [%emt 00:00:36]} Bg7 {[%clk 01:41:10] [%emt 00:00:23]} 4. Bg2
{[%clk 01:41:34] [%emt 00:00:07]} O-O {[%clk 01:41:17] [%emt 00:00:23]} 5. Nc3
{[%clk 01:41:56] [%emt 00:00:09]} d6 {[%clk 01:41:37] [%emt 00:00:09]} 6. Nf3
{[%clk 01:42:18] [%emt 00:00:07]} Bf5 {[%clk 01:41:39] [%emt 00:00:29]} 7. Nh4
{[%clk 01:40:48] [%emt 00:02:01]} Bc8 {[%clk 01:42:02] [%emt 00:00:07]} 8. Nf3
{[%clk 01:39:59] [%emt 00:01:19]} Bf5 {[%clk 01:42:15] [%emt 00:00:17]} 9. O-O
{[%clk 01:39:30] [%emt 00:01:00]} Ne4 {[%clk 01:42:28] [%emt 00:00:16]} 10. Nd5
{[%clk 01:38:13] [%emt 00:01:48]} c6 {[%clk 01:38:00] [%emt 00:04:59]} 11. Ne3
{[%clk 01:38:04] [%emt 00:00:38]} Be6 {[%clk 01:36:24] [%emt 00:02:06]} 12. Nd2
{[%clk 01:34:52] [%emt 00:03:42]} Nf6 {[%clk 01:29:23] [%emt 00:07:32]} 13. b3
{[%clk 01:31:45] [%emt 00:03:37]} a5 {[%clk 01:26:45] [%emt 00:03:08]} 14. Bb2
{[%clk 01:31:43] [%emt 00:00:31]} d5 {[%clk 01:21:28] [%emt 00:05:47]} 15. Rc1
{[%clk 01:27:50] [%emt 00:04:22]} a4 {[%clk 01:14:18] [%emt 00:07:41]} 16. cxd5
{[%clk 01:22:36] [%emt 00:05:44]} cxd5 {[%clk 01:08:50] [%emt 00:05:58]} 17.
bxa4 {[%clk 01:20:13] [%emt 00:02:54]} Bd7 {[%clk 01:05:50] [%emt 00:03:29]} 18.
Nxd5 {[%clk 01:15:00] [%emt 00:05:43]} Nxd5 {[%clk 01:04:47] [%emt 00:01:34]}
19. Bxd5 {[%clk 01:12:34] [%emt 00:02:56]} Bxa4 {[%clk 01:04:47] [%emt
00:00:30]} 20. Bb3 {[%clk 01:12:47] [%emt 00:00:16]} Bxd4 {[%clk 01:03:58] [%emt
00:01:20]} 21. Qc2 {[%clk 00:56:39] [%emt 00:16:38]} Bxb2 {[%clk 01:00:54] [%emt
00:03:34]} 22. Qxb2 {[%clk 00:57:03] [%emt 00:00:06]} Nc6 {[%clk 00:58:27] [%emt
00:02:57]} 23. Nf3 {[%clk 00:54:58] [%emt 00:02:34]} Bxb3 {[%clk 00:58:50] [%emt
00:00:08]} 24. Qxb3 {[%clk 00:55:24] [%emt 00:00:04]} Ra7 {[%clk 00:54:36] [%emt
00:04:44]} 25. Rfd1 {[%clk 00:54:26] [%emt 00:01:27]} Qa5 {[%clk 00:54:45] [%emt
00:00:22]} 26. Rd7 {[%clk 00:53:09] [%emt 00:01:47]} Qxa2 {[%clk 00:50:44] [%emt
00:04:32]} 27. Qxa2 {[%clk 00:52:46] [%emt 00:00:52]} Rxa2 {[%clk 00:51:08]
[%emt 00:00:06]} 28. Rxb7 {[%clk 00:53:11] [%emt 00:00:05]} Ra7 {[%clk 00:50:47]
[%emt 00:00:51]} 29. Rxa7 {[%clk 00:43:34] [%emt 00:10:08]} Nxa7 {[%clk
00:51:03] [%emt 00:00:14]} 30. Rc7 {[%clk 00:43:59] [%emt 00:00:05]} Nc8 {[%clk
00:51:27] [%emt 00:00:06]} 31. g4 {[%clk 00:43:44] [%emt 00:00:44]} Re8 {[%clk
00:51:03] [%emt 00:00:54]} 32. g5 {[%clk 00:42:05] [%emt 00:02:09]} Nd6 {[%clk
00:51:14] [%emt 00:00:19]} 33. Ne5 {[%clk 00:42:29] [%emt 00:00:06]} h6 {[%clk
00:49:25] [%emt 00:02:19]} 34. gxh6 {[%clk 00:41:48] [%emt 00:01:12]} 1/2-1/2

[Site "Europe Echecs"]

[Event "Grand Swiss "]
[Date "2025.09.04"]
[White "Mendonca, Leon Luke"]
[Black "Esipenko, Andrey"]
[WhiteElo "2615"]
[BlackElo "2687"]
[Round "1.1.25"]
[Result "1/2-1/2"]

1. d4 {[%clk 01:40:31] [%emt 00:00:28]} d5 {[%clk 01:40:45] [%emt 00:00:16]} 2.
c4 {[%clk 01:40:46] [%emt 00:00:15]} e6 {[%clk 01:41:04] [%emt 00:00:11]} 3. Nc3
{[%clk 01:40:55] [%emt 00:00:21]} Be7 {[%clk 01:41:27] [%emt 00:00:08]} 4. cxd5
{[%clk 01:40:53] [%emt 00:00:32]} exd5 {[%clk 01:41:49] [%emt 00:00:08]} 5. Bf4
{[%clk 01:41:17] [%emt 00:00:05]} Nf6 {[%clk 01:42:10] [%emt 00:00:09]} 6. e3
{[%clk 01:40:36] [%emt 00:01:11]} O-O {[%clk 01:42:29] [%emt 00:00:12]} 7. Bd3
{[%clk 01:36:42] [%emt 00:04:23]} c5 {[%clk 01:42:46] [%emt 00:00:13]} 8. Nge2
{[%clk 01:30:17] [%emt 00:06:55]} Nc6 {[%clk 01:43:05] [%emt 00:00:11]} 9. O-O
{[%clk 01:29:17] [%emt 00:01:31]} Bg4 {[%clk 01:43:20] [%emt 00:00:14]} 10. dxc5
{[%clk 01:23:58] [%emt 00:05:50]} Bxc5 {[%clk 01:43:39] [%emt 00:00:11]} 11. h3
{[%clk 01:20:02] [%emt 00:04:26]} Bxe2 {[%clk 01:43:59] [%emt 00:00:10]} 12.
Nxe2 {[%clk 01:09:11] [%emt 00:11:21]} Qe7 {[%clk 01:44:16] [%emt 00:00:13]} 13.
Qb3 {[%clk 01:05:02] [%emt 00:04:40]} Rad8 {[%clk 01:41:45] [%emt 00:03:01]} 14.
Rad1 {[%clk 00:58:58] [%emt 00:06:33]} h6 {[%clk 01:40:07] [%emt 00:02:08]} 15.
Bb5 {[%clk 00:54:22] [%emt 00:05:07]} Bb6 {[%clk 01:36:15] [%emt 00:04:21]} 16.
Qa4 {[%clk 00:50:05] [%emt 00:04:48]} Ne5 {[%clk 01:34:59] [%emt 00:01:45]} 17.
Nc3 {[%clk 00:50:28] [%emt 00:00:07]} Bc5 {[%clk 01:08:35] [%emt 00:26:54]} 18.
Rd2 {[%clk 00:41:41] [%emt 00:09:17]} a6 {[%clk 01:05:39] [%emt 00:03:27]} 19.
Be2 {[%clk 00:41:20] [%emt 00:00:51]} Ng6 {[%clk 01:04:24] [%emt 00:01:45]} 20.
Rfd1 {[%clk 00:34:33] [%emt 00:07:18]} d4 {[%clk 00:48:09] [%emt 00:16:44]} 21.
exd4 {[%clk 00:34:56] [%emt 00:00:07]} Nxf4 {[%clk 00:48:14] [%emt 00:00:24]}
22. dxc5 {[%clk 00:35:16] [%emt 00:00:10]} Nxe2+ {[%clk 00:48:33] [%emt
00:00:11]} 23. Rxe2 {[%clk 00:35:28] [%emt 00:00:19]} Qxc5 {[%clk 00:48:36]
[%emt 00:00:27]} 24. a3 {[%clk 00:35:18] [%emt 00:00:40]} Rxd1+ {[%clk 00:44:06]
[%emt 00:05:00]} 25. Qxd1 {[%clk 00:35:41] [%emt 00:00:07]} Qc7 {[%clk 00:44:27]
[%emt 00:00:09]} 26. Rd2 {[%clk 00:31:19] [%emt 00:04:52]} Re8 {[%clk 00:43:41]
[%emt 00:01:15]} 27. Nd5 {[%clk 00:31:28] [%emt 00:00:22]} Nxd5 {[%clk 00:43:19]
[%emt 00:00:52]} 28. Rxd5 {[%clk 00:31:57] [%emt 00:00:02]} Qb6 {[%clk 00:42:33]
[%emt 00:01:15]} 29. Qd2 {[%clk 00:31:39] [%emt 00:00:48]} Qf6 {[%clk 00:42:24]
[%emt 00:00:37]} 30. Rd6 {[%clk 00:30:22] [%emt 00:01:48]} Re6 {[%clk 00:42:23]
[%emt 00:00:31]} 31. Rxe6 {[%clk 00:30:34] [%emt 00:00:19]} 1/2-1/2

[Site "Europe Echecs"]

[Event "Grand Swiss "]
[Date "2025.09.04"]
[White "Sarana, Alexey"]
[Black "Xu, Xiangyu"]
[WhiteElo "2686"]
[BlackElo "2615"]
[Round "1.1.26"]
[Result "1/2-1/2"]

1. d4 {[%clk 01:40:57] [%emt 00:00:02]} Nf6 {[%clk 01:40:49] [%emt 00:00:12]} 2.
c4 {[%clk 01:41:20] [%emt 00:00:07]} e6 {[%clk 01:41:11] [%emt 00:00:09]} 3. Nc3
{[%clk 01:41:25] [%emt 00:00:24]} Bb4 {[%clk 01:41:32] [%emt 00:00:08]} 4. Qc2
{[%clk 01:41:32] [%emt 00:00:24]} O-O {[%clk 01:41:39] [%emt 00:00:23]} 5. Nf3
{[%clk 01:40:52] [%emt 00:01:10]} c5 {[%clk 01:33:17] [%emt 00:08:53]} 6. dxc5
{[%clk 01:41:00] [%emt 00:00:22]} Na6 {[%clk 01:33:43] [%emt 00:00:05]} 7. c6
{[%clk 01:41:08] [%emt 00:00:22]} bxc6 {[%clk 01:33:56] [%emt 00:00:17]} 8. e3
{[%clk 01:39:55] [%emt 00:01:42]} d5 {[%clk 01:32:09] [%emt 00:02:17]} 9. Be2
{[%clk 01:32:28] [%emt 00:07:57]} Bd6 {[%clk 00:56:18] [%emt 00:36:21]} 10. a3
{[%clk 01:16:51] [%emt 00:16:08]} c5 {[%clk 00:52:14] [%emt 00:04:34]} 11. O-O
{[%clk 01:15:05] [%emt 00:02:15]} Nc7 {[%clk 00:51:53] [%emt 00:00:51]} 12. Rd1
{[%clk 01:12:24] [%emt 00:03:11]} Bb7 {[%clk 00:52:09] [%emt 00:00:15]} 13. b3
{[%clk 01:06:55] [%emt 00:05:59]} Qe7 {[%clk 00:46:03] [%emt 00:06:36]} 14. Bb2
{[%clk 01:06:25] [%emt 00:01:00]} Rfd8 {[%clk 00:45:54] [%emt 00:00:38]} 15. h3
{[%clk 01:05:43] [%emt 00:01:11]} Rab8 {[%clk 00:43:21] [%emt 00:03:04]} 16.
Rac1 {[%clk 01:01:04] [%emt 00:05:08]} Bc6 {[%clk 00:34:07] [%emt 00:09:45]} 17.
Rb1 {[%clk 00:52:12] [%emt 00:09:22]} Rb7 {[%clk 00:29:45] [%emt 00:04:52]} 18.
Ba1 {[%clk 00:50:51] [%emt 00:01:51]} Rdb8 {[%clk 00:29:47] [%emt 00:00:29]} 19.
Qa2 {[%clk 00:42:43] [%emt 00:08:38]} Rb6 {[%clk 00:29:08] [%emt 00:01:08]} 20.
Qc2 {[%clk 00:39:59] [%emt 00:03:13]} R6b7 {[%clk 00:29:33] [%emt 00:00:06]} 21.
Qa2 {[%clk 00:40:22] [%emt 00:00:07]} Rb6 {[%clk 00:29:57] [%emt 00:00:06]} 22.
Qc2 {[%clk 00:40:48] [%emt 00:00:04]} R6b7 {[%clk 00:30:21] [%emt 00:00:06]}
1/2-1/2

[Site "Europe Echecs"]

[Event "Grand Swiss "]
[Date "2025.09.04"]
[White "Najer, Evgeniy"]
[Black "Eljanov, Pavel"]
[WhiteElo "2613"]
[BlackElo "2682"]
[Round "1.1.27"]
[Result "1/2-1/2"]

1. e4 {[%clk 01:40:56] [%emt 00:00:03]} e5 {[%clk 01:40:34] [%emt 00:00:27]} 2.
Nf3 {[%clk 01:41:17] [%emt 00:00:08]} Nc6 {[%clk 01:41:01] [%emt 00:00:03]} 3.
Bb5 {[%clk 01:41:41] [%emt 00:00:06]} Nf6 {[%clk 01:40:13] [%emt 00:01:18]} 4.
d3 {[%clk 01:40:42] [%emt 00:01:29]} Bc5 {[%clk 01:40:26] [%emt 00:00:17]} 5. c3
{[%clk 01:40:37] [%emt 00:00:35]} O-O {[%clk 01:38:36] [%emt 00:02:20]} 6. O-O
{[%clk 01:40:27] [%emt 00:00:40]} Re8 {[%clk 01:37:35] [%emt 00:01:31]} 7. Bg5
{[%clk 01:40:22] [%emt 00:00:34]} h6 {[%clk 01:36:10] [%emt 00:01:57]} 8. Bh4
{[%clk 01:40:45] [%emt 00:00:06]} a6 {[%clk 01:36:30] [%emt 00:00:10]} 9. Ba4
{[%clk 01:40:45] [%emt 00:00:30]} Be7 {[%clk 01:32:37] [%emt 00:04:23]} 10. Nbd2
{[%clk 01:34:49] [%emt 00:06:25]} d6 {[%clk 01:29:52] [%emt 00:03:15]} 11. d4
{[%clk 01:32:33] [%emt 00:02:46]} exd4 {[%clk 01:14:47] [%emt 00:15:35]} 12.
Nxd4 {[%clk 01:24:06] [%emt 00:08:57]} Bd7 {[%clk 01:15:02] [%emt 00:00:15]} 13.
Nxc6 {[%clk 01:23:27] [%emt 00:01:09]} Bxc6 {[%clk 01:09:31] [%emt 00:06:01]}
14. Bxc6 {[%clk 01:21:59] [%emt 00:01:58]} bxc6 {[%clk 01:09:57] [%emt
00:00:04]} 15. Re1 {[%clk 01:15:45] [%emt 00:06:44]} Nd7 {[%clk 00:58:05] [%emt
00:12:22]} 16. Bg3 {[%clk 01:04:53] [%emt 00:11:21]} Bh4 {[%clk 00:57:06] [%emt
00:01:30]} 17. Re3 {[%clk 00:49:02] [%emt 00:16:22]} Bxg3 {[%clk 00:52:40] [%emt
00:04:55]} 18. Rxg3 {[%clk 00:45:41] [%emt 00:03:50]} Nf6 {[%clk 00:52:28] [%emt
00:00:42]} 19. Re3 {[%clk 00:43:49] [%emt 00:02:22]} Re6 {[%clk 00:47:31] [%emt
00:05:28]} 20. h3 {[%clk 00:43:11] [%emt 00:01:08]} Qe8 {[%clk 00:42:49] [%emt
00:05:12]} 21. Qe2 {[%clk 00:36:40] [%emt 00:07:01]} c5 {[%clk 00:42:01] [%emt
00:01:18]} 22. Qd3 {[%clk 00:26:37] [%emt 00:10:33]} Qb5 {[%clk 00:36:52] [%emt
00:05:40]} 23. Qc2 {[%clk 00:26:33] [%emt 00:00:34]} Rae8 {[%clk 00:26:38] [%emt
00:10:44]} 24. Rae1 {[%clk 00:26:45] [%emt 00:00:18]} Qb7 {[%clk 00:24:27] [%emt
00:02:41]} 25. b3 {[%clk 00:25:56] [%emt 00:01:19]} d5 {[%clk 00:20:42] [%emt
00:04:15]} 26. exd5 {[%clk 00:18:27] [%emt 00:07:59]} Rxe3 {[%clk 00:21:03]
[%emt 00:00:09]} 27. Rxe3 {[%clk 00:06:01] [%emt 00:12:56]} Rxe3 {[%clk
00:21:28] [%emt 00:00:05]} 28. fxe3 {[%clk 00:06:30] [%emt 00:00:01]} Qxd5
{[%clk 00:21:40] [%emt 00:00:18]} 29. Nf3 {[%clk 00:05:26] [%emt 00:01:34]} c4
{[%clk 00:18:25] [%emt 00:03:45]} 30. Nd2 {[%clk 00:04:42] [%emt 00:01:14]} cxb3
{[%clk 00:18:34] [%emt 00:00:20]} 31. axb3 {[%clk 00:05:05] [%emt 00:00:07]} a5
{[%clk 00:15:36] [%emt 00:03:28]} 32. c4 {[%clk 00:04:52] [%emt 00:00:43]} Qe5
{[%clk 00:10:05] [%emt 00:06:00]} 33. Qd3 {[%clk 00:05:01] [%emt 00:00:21]} Qe7
{[%clk 00:10:03] [%emt 00:00:32]} 34. Qc3 {[%clk 00:04:24] [%emt 00:01:07]} Nd7
{[%clk 00:07:10] [%emt 00:03:23]} 35. Nf3 {[%clk 00:02:58] [%emt 00:01:57]} Nc5
{[%clk 00:05:47] [%emt 00:01:53]} 36. Qxa5 {[%clk 00:02:05] [%emt 00:01:23]}
Qxe3+ {[%clk 00:04:38] [%emt 00:01:39]} 37. Kh1 {[%clk 00:02:32] [%emt
00:00:04]} Qc1+ {[%clk 00:04:26] [%emt 00:00:41]} 38. Ng1 {[%clk 00:02:57] [%emt
00:00:04]} Ne6 {[%clk 00:03:07] [%emt 00:01:49]} 39. Qa8+ {[%clk 00:02:34] [%emt
00:00:53]} Kh7 {[%clk 00:03:29] [%emt 00:00:08]} 40. Qf3 {[%clk 00:01:19] [%emt
00:01:45]} Qf4 {[%clk 00:01:00] [%emt 00:02:58]} 41. b4 {[%clk 00:46:29] [%emt
00:05:21]} Qxf3 {[%clk 00:48:24] [%emt 00:03:06]} 42. Nxf3 {[%clk 00:44:00]
[%emt 00:02:59]} Kg6 {[%clk 00:48:49] [%emt 00:00:05]} 43. g4 {[%clk 00:34:01]
[%emt 00:10:29]} Kf6 {[%clk 00:48:47] [%emt 00:00:32]} 44. Kh2 {[%clk 00:26:02]
[%emt 00:08:29]} Nf4 {[%clk 00:48:48] [%emt 00:00:29]} 45. b5 {[%clk 00:19:32]
[%emt 00:07:00]} Nd3 {[%clk 00:40:00] [%emt 00:09:17]} 46. Kg3 {[%clk 00:19:03]
[%emt 00:01:00]} g6 {[%clk 00:40:13] [%emt 00:00:16]} 47. h4 {[%clk 00:14:44]
[%emt 00:04:49]} Ke6 {[%clk 00:38:57] [%emt 00:01:46]} 48. h5 {[%clk 00:11:34]
[%emt 00:03:40]} gxh5 {[%clk 00:39:13] [%emt 00:00:14]} 49. gxh5 {[%clk
00:11:57] [%emt 00:00:07]} f5 {[%clk 00:30:25] [%emt 00:09:18]} 50. Nd4+ {[%clk
00:11:00] [%emt 00:01:27]} Ke5 {[%clk 00:30:47] [%emt 00:00:08]} 51. Nb3 {[%clk
00:11:00] [%emt 00:00:30]} Nf4 {[%clk 00:30:50] [%emt 00:00:27]} 52. c5 {[%clk
00:07:07] [%emt 00:04:24]} Nxh5+ {[%clk 00:30:50] [%emt 00:00:29]} 53. Kh4
{[%clk 00:06:27] [%emt 00:01:10]} Nf6 {[%clk 00:28:59] [%emt 00:02:21]} 54. b6
{[%clk 00:06:53] [%emt 00:00:05]} 1/2-1/2

[Site "Europe Echecs"]